00681nam a2200157Ia 4500999001500000008004100015020001800056100001800074245003200092260003200124300000800156650000800164942001500172952017400187952016200361 c6706d6706191201s2017 xx 000 0 und d a9788126515714 aMATTHEW, Neil 0aBeginning Linux Programming aN. delhibWiley Indiac2017 a780 aMCA 2ddccBK04 00102ddc40708MCAaPIETbPIETd2017-06-09eTechniz Books Internationalg799.00kIN1431l5o0055.44 MABp29890r2025-10-09 00:00:00s2025-09-26v535.33w2017-08-30yBK 00102ddc40708CSECSaPIETbPIETd2017-06-09eInternational Book Centreg799.00kIN1431l0o0055.44 MABp29891r2019-12-04 00:00:00v535.33w2017-08-30yBK